| 000 | 01098nam a2200229Ia 4500 | ||
|---|---|---|---|
| 999 |
_c36222 _d36222 |
||
| 001 | 2125 | ||
| 003 | GE_BSU | ||
| 005 | 20190515214214.0 | ||
| 008 | 181216s1985||||ge |||||||||||||| ||geo|| | ||
| 040 | _cGE_BSU | ||
| 041 | _ageo | ||
| 080 | _a821.353.1.09 ჭ–74 | ||
| 100 |
_aჭრელაშვილი, ლ. _91223 |
||
| 245 |
_cშ. რუსთაველის სახ. ქართული ლიტ-ის ინ-ტი. _aვაჟა-ფშაველას თხზულებათა ატრიბუტაცია და შემოქმედებითი ისტორია / |
||
| 264 |
_aთბილისი : _bმეცნიერება, _c1985. |
||
| 300 |
_a191 გვ.; _b21 სმ. |
||
| 518 | _aრეზ. რუს. ენ. | ||
| 653 | _aვაჟა-ფშაველა | ||
| 653 | _aქართული ლიტერატურის ისტორია და კრიტიკა | ||
| 710 |
_aშ. რუსთაველის სახ. ქართული ლიტ-რის ინ-ტი. _91224 |
||
| 942 |
_cBK _2udc |
||